000 00506nam a22001691a 4500
001 5391
003 OSt
005 20260204212013.0
008 060119s1998||||dr ||||||b||||||||||spa||
050 _aRD 343.097 R299l
110 _aRepública Dominicana
245 _aLey de aeronaútica civil No. 505 del 10 de Noviembre de 1969 G. O. No. 9163
264 _aSanto Domingo : Congreso Nacional
300 _a80 p
650 _a1.Aeronáutica - Derecho 2.Ley NO. 505 de Aeronáutica CIvilÌ
942 _2ddc
_cBK
999 _c5391
_d5391